Normal view MARC view

Entry Topical Term

Number of records used in: 1

001 - CONTROL NUMBER

  • control field: 12399

003 - CONTROL NUMBER IDENTIFIER

  • control field: OSt

005 - DATE AND TIME OF LATEST TRANSACTION

  • control field: 20180130185210.0

008 - FIXED-LENGTH DATA ELEMENTS

  • fixed length control field: 180130|| aca||aabn | a|a d

040 ## - CATALOGING SOURCE

  • Original cataloging agency: OSt
  • Transcribing agency: OSt

150 ## - HEADING--TOPICAL TERM

  • Topical term or geographic name entry element: Nurse Management

670 ## - SOURCE DATA FOUND

  • Source citation: Work cat.: (OSt): Marquis, Bessie L.; Huston, Carol J. 12398, Leadership and Management Tools for the New Nurse: a case study approach